| 000 | 00884cam a2200241 a 4500 | ||
|---|---|---|---|
| 001 | 11984908 | ||
| 005 | 20180109035334.0 | ||
| 008 | 000425s2000 maua c 001 0 eng | ||
| 010 | _a 00032877 | ||
| 020 | _a0316815896 | ||
| 020 | _a0316815772 (Scholastic ed.) | ||
| 040 |
_aDLC _cDLC _dDLC |
||
| 041 | _aeng | ||
| 042 | _alcac | ||
| 080 | _a909.82 STO | ||
| 082 | 0 | 0 |
_a909.82 STO _221 |
| 100 | _a16 | ||
| 101 | _aHIS | ||
| 245 | 0 | 0 |
_aLife : _cedited by Richard B. Stolley ; adapted by Amy E. Sklansky. |
| 906 |
_a7 _bcbc _corignew _d1 _eocip _f20 _gy-gencatlg |
||
| 942 |
_2ddc _cBK |
||
| 999 |
_c39844 _d39844 |
||